LEADER 01125nam0-2200349---450- 001 990004074340403321 005 20151007101855.0 010 $a8877865474$bvol. 1 035 $a000407434 035 $aFED01000407434 035 $a(Aleph)000407434FED01 035 $a000407434 100 $a19990604g19921995km-y0itay50------ba 101 0 $aita 102 $aIT 105 $aa-------00-y- 200 1 $a<>regolare osservanza francescana nella terra d'Otranto$fBenigno Francesco Perrone 210 $aGalatina$cCongedo$d1992- 215 $av.$cill.$d25 cm 225 1 $aBiblioteca di cultura pugliese$iSerie 2$v71 307 $a1.: 398 p., [20] c. di tav. : ill. 327 0 $a1.: Il divenire storico-legale, 1391-1898. - 1992 610 0 $aFrancescanesimo$aPuglia$aSec. 14.-19. 676 $a271.304575$v19$zita 700 1$aPerrone,$bBenigno Francesco$0157162 801 0$aIT$bUNINA$gRICA$2UNIMARC 901 $aBK 912 $a990004074340403321 952 $a271.3 PER 1$bBibl. 23639$fFLFBC 959 $aFLFBC 996 $aRegolare osservanza francescana nella terra d'Otranto$9232328 997 $aUNINA